2016 Olympics - Countries with more Golds than smaller countries - Statistics

General Stats
  • This quiz has been taken 75 times
  • The average score is 4 of 8
Answer Stats
G S B Country % Correct
46 37 38 United States
96%
27 23 17 Great Britain
86%
9 3 9 South Korea
55%
6 3 2 Jamaica
52%
8 7 4 Netherlands
39%
1 0 0 Singapore
25%
0 1 0 Grenada
20%
1 1 0 Bahrain
14%
No matching quizzes found
Score Distribution
Percent of People with Each Score
Percentile by Number Answered
Your Score History
You have not taken this quiz